[Event "ROM-ch U12"]
[Site "Calimanesti Caciulata"]
[Date "2016.04.23"]
[Round "7"]
[White "Pintilie, Tudor Alexandru"]
[Black "Lazar, Vladimir"]
[Result "0-1"]
[WhiteElo "1012"]
[BlackElo "1221"]
[PlyCount "98"]
[EventDate "2016.04.18"]
[EventType "swiss"]
[EventRounds "9"]
[EventCountry "ROU"]
[SourceTitle "CBM 172 Extra"]
[Source "ChessBase"]
[SourceDate "2016.06.21"]
[SourceVersion "1"]
[SourceVersionDate "2016.06.21"]
[SourceQuality "1"]

1. e4 e5 2. Nf3 Nc6 3. Nc3 Bc5 4. Bb5 d6 5. Bxc6+ bxc6 6. d4 Bb6 7. d5 cxd5 8. Qxd5 Bd7 9. Ng5 Nh6 10. Nf3 Ng4 11. Bg5 Qc8 12. Bh4 0-0 13. h3 Nf6 14. Bxf6 gxf6 15. Nh4 Rb8 16. b3 Bd4 17. Qa5 Bb5 18. Rd1 Qa6 19. Qxa6 Bxc3+ 20. Rd2 Bxd2+ 21. Kxd2 Bxa6 22. g3 c6 23. f4 d5 24. Nf5 Bc8 25. Nh6+ Kg7 26. Ng4 Bxg4 27. hxg4 Rb4 28. c3 Rxe4 29. fxe5 fxe5 30. Rh5 Rxg4 31. Rxe5 Rxg3 32. Re7 Rg2+ 33. Kd3 Rxa2 34. c4 dxc4+ 35. bxc4 h5 36. Rc7 Ra6 37. Rb7 h4 38. Ke2 h3 39. Kf1 h2 40. Kg2 Ra2+ 41. Kh1 Re8 42. Rb1 f5 43. Rf1 f4 44. Rb1 f3 45. Rf1 Rae2 46. Rxf3 Rf8 47. Rg3+ Kh6 48. Rh3+ Kg5 49. Rxh2 Rf1# 0-1

[Event "ROM-ch U12"]
[Site "Calimanesti Caciulata"]
[Date "2016.04.20"]
[Round "3"]
[White "Leustean, Andrei"]
[Black "Pintilie, Tudor Alexandru"]
[Result "1-0"]
[WhiteElo "1166"]
[BlackElo "1012"]
[PlyCount "37"]
[EventDate "2016.04.18"]
[EventType "swiss"]
[EventRounds "9"]
[EventCountry "ROU"]
[SourceTitle "CBM 172 Extra"]
[Source "ChessBase"]
[SourceDate "2016.06.21"]
[SourceVersion "1"]
[SourceVersionDate "2016.06.21"]
[SourceQuality "1"]

1. e4 e5 2. Nf3 Nc6 3. Bc4 Nf6 4. 0-0 d6 5. Re1 Bg4 6. c3 d5 7. exd5 Nxd5 8. d4 Bxf3 9. Qxf3 Qf6 10. Bxd5 Qxf3 11. Bxf3 f6 12. Bxc6+ bxc6 13. dxe5 f5 14. Bf4 Rb8 15. Nd2 Rxb2 16. Rab1 Rxa2 17. e6 Bd6 18. Bg5 f4 19. Rb8# 1-0

[Event "ROM-ch U10"]
[Site "Calimanesti"]
[Date "2014.04.09"]
[Round "5"]
[White "Leustean, Andrei"]
[Black "Pintilie, Tudor Alexandru"]
[Result "1-0"]
[WhiteElo "1001"]
[BlackElo "1067"]
[PlyCount "87"]
[EventDate "2014.04.06"]
[EventType "swiss"]
[EventRounds "9"]
[EventCountry "ROU"]
[SourceTitle "CBM 160 Extra"]
[Source "ChessBase"]
[SourceDate "2014.07.01"]
[SourceVersion "1"]
[SourceVersionDate "2014.07.01"]
[SourceQuality "1"]

1. e4 e5 2. Nf3 Nf6 3. Nxe5 Nxe4 4. Qe2 d5 5. d3 Qf6 6. dxe4 Qxe5 7. exd5 Qxe2+ 8. Bxe2 Bf5 9. Bd3 Bxd3 10. cxd3 Bd6 11. 0-0 0-0 12. Nc3 Re8 13. Nb5 Na6 14. Nxd6 cxd6 15. Bf4 Rad8 16. Rfe1 Rxe1+ 17. Rxe1 h6 18. Re7 Rc8 19. Rxb7 g5 20. Be3 Nc5 21. Rxa7 f6 22. Bxc5 Rxc5 23. g3 Rb5 24. a4 Rxb2 25. a5 Rb1+ 26. Kg2 Ra1 27. a6 Ra3 28. Ra8+ Kg7 29. a7 Kg6 30. Rg8+ Kf7 31. a8Q Rxa8 32. Rxa8 Kg6 33. f4 gxf4 34. gxf4 Kf5 35. Kg3 h5 36. h4 Kg6 37. Rd8 Kf5 38. Rxd6 Kg6 39. Rd7 Kf5 40. d6 Ke6 41. Rd8 f5 42. Kf3 Kf7 43. Ke3 Ke6 44. Kd4 1-0

[Event "ROM-ch U10"]
[Site "Calimanesti"]
[Date "2014.04.08"]
[Round "3"]
[White "Vilcu, Matei Stefan"]
[Black "Pintilie, Tudor Alexandru"]
[Result "1-0"]
[WhiteElo "1299"]
[BlackElo "1067"]
[PlyCount "41"]
[EventDate "2014.04.06"]
[EventType "swiss"]
[EventRounds "9"]
[EventCountry "ROU"]
[SourceTitle "CBM 160 Extra"]
[Source "ChessBase"]
[SourceDate "2014.07.01"]
[SourceVersion "1"]
[SourceVersionDate "2014.07.01"]
[SourceQuality "1"]

1. e4 e5 2. Nf3 Bc5 3. Nxe5 Nf6 4. Nc3 Bd4 5. Nf3 Bc5 6. d4 Bb4 7. Bd3 Qe7 8. 0-0 Bxc3 9. bxc3 Nxe4 10. Bxe4 Qxe4 11. Re1 Qxe1+ 12. Qxe1+ Kf8 13. Ba3+ d6 14. Qe4 Nc6 15. Re1 Bd7 16. d5 Ne7 17. Qxe7+ Kg8 18. Qxd7 Rf8 19. Re8 h6 20. Rxf8+ Kxf8 21. Qd8# 1-0

[Event "ROM-ch U10"]
[Site "Calimanesti"]
[Date "2014.04.06"]
[Round "1"]
[White "Mintau, Andrei Catalin"]
[Black "Pintilie, Tudor Alexandru"]
[Result "1-0"]
[WhiteElo "1496"]
[BlackElo "1067"]
[PlyCount "45"]
[EventDate "2014.04.06"]
[EventType "swiss"]
[EventRounds "9"]
[EventCountry "ROU"]
[SourceTitle "CBM 160 Extra"]
[Source "ChessBase"]
[SourceDate "2014.07.01"]
[SourceVersion "1"]
[SourceVersionDate "2014.07.01"]
[SourceQuality "1"]

1. e4 e5 2. Nf3 Nf6 3. Nc3 Bc5 4. Bc4 Nxe4 5. Nxe4 Qe7 6. Nxc5 Qxc5 7. d3 0-0 8. Be3 Qb4+ 9. Bd2 Qxb2 10. Rb1 Qa3 11. Bb4 Qa4 12. Bxf8 Kxf8 13. 0-0 d6 14. Bb5 Qxa2 15. Qd2 Bd7 16. Bxd7 Nxd7 17. Rxb7 Rc8 18. Qc3 Qd5 19. Rxc7 Rxc7 20. Qxc7 Nf6 21. Qxa7 Ng4 22. Qc7 h6 23. Qd8# 1-0